| 000 | 00359cam a2200157ua 4500 | ||
|---|---|---|---|
| 041 |
_aeng _h |
||
| 082 |
_a823.308 _bHEN/CA |
||
| 100 | _aHenty, G A . | ||
| 245 |
_aCat of bubastes / _cG A Henty. _hTextual Documents |
||
| 250 |
_a2 / _b. |
||
| 260 |
_aLondon : _bLongman , _c1964. |
||
| 300 | _a122 ; . | ||
| 504 | _a | ||
| 942 | _cBK | ||
| 999 |
_c7887 _d7887 |
||